• AIU
  • Tony Wilmot Memorial Library

Lũru ụ́'dụ́kụ́ trõ búkú ẹ́nọ́ drî (Record no. 64537)

MARC details
000 -LEADER
fixed length control field 00306nam a2200109 4500
082 0# - DEWEY DECIMAL CLASSIFICATION NUMBER
Classification number 493.6
242 00 - TRANSLATION OF TITLE BY CATALOGING AGENCY
Title Tone and vowel picture book (for Ma'adi of sudan)
245 11 - TITLE STATEMENT
Title Lũru ụ́'dụ́kụ́ trõ búkú ẹ́nọ́ drî
260 ## - PUBLICATION, DISTRIBUTION, ETC. (IMPRINT)
Name of publisher, distributor, etc Ma'adi Language Centre
Date of publication, distribution, etc c.2001
300 ## - PHYSICAL DESCRIPTION
Extent 16 p.
942 ## - ADDED ENTRY ELEMENTS (KOHA)
Source of classification or shelving scheme
Koha item type Books

No items available.